[Event "Northern California Team Championships"]
[Site "Berkley, CA"]
[Date "1971.??.??"]
[Round "?"]
[White "Acers Jude  (LA)"]
[Black "Cross Steven  (CA)"]
[Result "1-0"]
[WhiteElo "2319"]
[BlackElo "2200"]
[Annotator ""]
[Source ""]
[Remark "NWC May 1971"]

1.e4 e5 2.Nf3 Nc6 3.Bc4 Bc5 4.b4 Bxb4 5.c3 Be7 6.d4 d6 7.dxe5
Be6 8.Bxe6 fxe6 9.Qb3 {%08DA} Qd7 10.Qxb7 Rd8 11.exd6 Bxd6 12.O-O
Nf6 13.Nd4 Ne5 14.Qb3 Ke7 15.f4 Bc5 16.fxe5 Bxd4+ 17.cxd4 Qxd4+
18.Kh1 Nxe4 19.Nd2 Nxd2 20.Bxd2 Qxd2 21.Qa3+ Ke8 22.Qxa7
( 22.Qf3 ) Qd7 23.a4 c6 24.Qf2 Qe7 25.Qb6 Qd7 26.a5 Rf8 27.a6
Rxf1+ 28.Rxf1 Ra8 29.Qc5 Z0 ( 29...Qe7 {%00þ } 30.Qxc6+ {%00þ }
Qd7 {%00þ } 31.Qxa8+ {%00þ } Qd8 {%00þ } 32.Qxd8+ {%00þ }
Kxd8 {%00þ } 33.Rf7 {%00þ } g6 {%00þ } 34.Rxh7 {%00þ }
Kc8 {%00þ } 35.a7 {%00þ } Kd8 {%00þ } 36.a8Q# {%00þ } ) 1-0

[Event "Match"]
[Site "Redwood City, CA"]
[Date "1970.11.17"]
[Round "?"]
[White "Acers Jude  (LA)"]
[Black "Jones C Bill  (CA)"]
[Result "1-0"]
[WhiteElo "2319"]
[BlackElo "2249"]
[Annotator ""]
[Source ""]
[Remark "NWC May 1971"]

1.e4 c5 2.Nf3 Nf6 3.Nc3 Nc6 4.d4 d5 5.exd5 Nxd5 6.Bc4 Nb6 7.Bb5
e6 8.Be3 ( 8.O-O cxd4 9.Nxd4 Bd7 10.Nxc6 bxc6 11.Bd3 Nd5 12.Ne4
Qc7 13.c3 Be7 14.Re1 O-O 15.Qh5 f5 16.Ng5 Bxg5 17.Bxg5 e5 18.Rad1
Rae8 19.c4 Nf6 20.Bxf6 Rxf6 21.c5 Kh8 22.Bc4 e4 23.Qe2 Rh6 24.g3
f4 25.Rd4 Bf5 26.Qd2 e3 27.Rxf4 Qxf4 28.Rxe3 Qb8 {0-1, Wolfradt Dirk - Pinkus Lutz (GER) 2173, Germany 1994}
) cxd4 9.Nxd4 Qc7 10.Qf3 Bd7 11.O-O-O Bd6 12.Nxc6 bxc6 13.Rxd6
Qxd6 14.Ne4 Qc7 15.Bc5 f6 16.Nxf6+ gxf6 17.Qxf6 Nd5 18.Qxh8+
Kf7 19.Qxh7+ Kf6 20.Bd4+ e5 21.Bd3 Nf4 22.Qh6+ Kf7 23.Bc4+ Z0
( 23...Nd5 {%00þ } 24.Qh7+ {%00þ } Kf6 {%00þ } 25.Qh4+
{%00þ } Kf7 {%00þ } 26.Re1 {%00þ } Re8 {%00þ } 27.Qh7+
{%00þ } Kf6 {%00þ } 28.Bd3 {%00þ } Nf4 {%00þ } 29.Bxe5+
{%00þ } Rxe5 {%00þ } 30.Qh6+ {%00þ } Ke7 {%00þ }
31.Qg5+ {%00þ } ) 1-0

[Event "Match"]
[Site ""]
[Date "1971.11.17"]
[Round "3"]
[White "Browne Walter  (CA)"]
[Black "Acers Jude  (LA)"]
[Result "1/2-1/2"]
[WhiteElo "2501"]
[BlackElo "2319"]
[Annotator ""]
[Source ""]
[Remark "NWC May 1971"]

1.d4 d5 2.c4 e6 3.Nc3 Nf6 4.Bg5 Be7 5.cxd5 Nxd5 6.Bxe7 Qxe7 7.e4
Nxc3 8.bxc3 O-O 9.Nf3 c5 10.Be2 Rd8 11.O-O {%08DA} cxd4 12.cxd4
Nc6 13.Qa4 Bd7 14.Rfd1 e5 15.dxe5 Nxe5 16.Qb3 Nxf3+ 17.Qxf3 Be6
18.Z0 ( 18.a3 {%00þ } Qc5 {%00þ } 19.Rdc1 {%00þ } Qg5
{%00þ } 20.Qh5 {%00þ } Qf4 {%00þ } 21.Qf3 {%00þ }
Qxf3 {%00þ } 22.Bxf3 {%00þ } Rd7 {%00þ } 23.Rc2 {%00þ }
f6 {%00þ } 24.Rac1 {%00þ } Rad8 {%00þ } 25.Rc7 {%00þ } ) 1/2-1/2

[Event "San Jose Open"]
[Site "San Jose, CA"]
[Date "1970.??.??"]
[Round "3"]
[White "Acers Jude  (LA)"]
[Black "Barnes Craig (CA)"]
[Result "1-0"]
[WhiteElo "2319"]
[BlackElo "2228"]
[Annotator ""]
[Source ""]
[Remark "NWC May 1971"]

1.e4 e5 2.Nf3 Nc6 3.d4 exd4 4.c3 dxc3 5.Bc4 cxb2 6.Bxb2 Bb4+
7.Nc3 Nf6 8.Qc2 O-O 9.O-O-O Qe7 10.e5 Nxe5 ( 10...Nxe5 11.Nxe5
Qxe5 12.Nd5 Qg5+ 13.f4 Qh6 14.Nxb4 Qxf4+ 15.Kb1 b5 16.Rd4 Qg5
17.h4 Qc5 18.Bxf7+ {1-0, Kountz Jochen (GER) 2338 - Schott Guido (GER) 2210, Eppingen (Germany) 1988}
) 11.Nxe5 Qxe5 12.Nd5 Ba3 13.Bxa3 Nxd5 14.Bxd5 Re8 15.Bb2 Qf4+
16.Kb1 c6 17.Qc3 Qh6 18.Rhe1 Rf8 19.Bf3 d5 20.Re7 b6 21.Rde1
Bf5+ 22.Ka1 a6 23.R1e5 Bc8 24.Rh5 Qg6 25.h4 h6 26.Rhe5 Rb8 27.Re1
Bb7 28.Qe5 Ba8 29.Bh5 Qxg2 30.Bxf7+ Kh8 31.Bxd5 Z0
( 31...Qg6 {%00þ } 32.Rxg7 {%00þ } Qf6 {%00þ } 33.Qxf6
{%00þ } Rxf6 {%00þ } 34.Bxf6 {%00þ } cxd5 {%00þ }
35.Rgg1+ {%00þ } Kh7 {%00þ } 36.Re7# {%00þ } ) 1-0

[Event "British Columbia Open"]
[Site "Richmond, BC, CAN"]
[Date "1971.03.28"]
[Round "4"]
[White "Suttles Duncan  (CAN)"]
[Black "Biyiasis Peter  (CAN)"]
[Result "1-0"]
[WhiteElo "2350"]
[BlackElo "2307"]
[Annotator ""]
[Source ""]
[Remark "NWC May 1971"]

1.c4 e5 2.Nc3 Nc6 3.g3 g6 4.Bg2 Bg7 5.Rb1 Nge7 6.b4 O-O 7.b5
Nd4 8.e3 Ne6 9.Nge2 f5 10.d4 ( 10.d4 e4 11.a4 g5 12.f4 exf3 13.Bxf3
f4 14.O-O Ng6 15.d5 Nc5 16.d6 c6 17.exf4 gxf4 18.Ne4 Nxe4 19.Bxe4
Qb6+ 20.Kg2 Qc5 21.Nxf4 Nxf4+ 22.Rxf4 Rxf4 23.Bxf4 Qxc4 24.Qf3
Qxa4 25.Rf1 a5 26.Be5 Qa2+ 27.Rf2 Qxf2+ 28.Qxf2 Bxe5 29.Qf5 Bxd6
30.Qxh7+ Kf8 31.Bg6 {1-0, Kiik Kalle (EST) 2452 - Joentausta Hannu (FIN) 2150, Jyvaskyla (Finland) 2006.07.12}
) e4 11.Qb3 Kh8 12.h4 d6 13.h5 g5 14.g4 fxg4 15.h6 Bf6 16.Bxe4
Rg8 17.Qc2 Nf8 18.Ng3 Nfg6 19.Nh5 Rf8 20.Bb2 Kg8 21.Nd5 Nxd5
22.Bxd5+ Kh8 23.Be4 Qe8 24.Bxg6 hxg6 25.Nxf6 Rxf6 26.d5 Kh7 27.Bxf6
Bf5 28.Qb2 Qe4 29.O-O Qf3 30.Bxg5 ( 30.Bd8 {%00þ } Qg2+ {%00þ }
31.Kxg2 {%00þ } Be4+ {%00þ } 32.Kg1 {%00þ } Rxd8 {%00þ }
33.Qg7# {%00þ } ) Rg8 31.Qf6 Z0 ( 31...Be6 {%00þ } 32.Qxe6
{%00þ } ) 1-0

[Event "British Columbia Open"]
[Site "Richmond, BC, CAN"]
[Date "1971.03.28"]
[Round "6"]
[White "Zuk Bob  (CAN)"]
[Black "Suttles Duncan  (CAN)"]
[Result "0-1"]
[WhiteElo "2404"]
[BlackElo "2350"]
[Annotator ""]
[Source ""]
[Remark "NWC May 1971"]

1.e4 g6 2.d4 d6 3.Nc3 Bg7 4.f4 Nc6 5.d5 Nd4 6.Be3 c5 7.Qd2 {%08DA}
a6 8.Nge2 Nb5 9.Nd1 Nf6 10.Nf2 Ng4 11.Nxg4 Bxg4 12.a4 Bxe2 13.Bxe2
Nc7 14.O-O b5 15.c3 O-O 16.f5 Qd7 17.Bh6 Rfb8 18.Bxg7 Kxg7 19.Bg4
f6 20.h4 h6 21.Bh3 g5 22.hxg5 hxg5 23.Qxg5+ {!} fxg5 24.f6+ exf6
25.Bxd7 b4 26.Bc6 Ra7 27.Rf2 a5 28.Raf1 Rf8 29.c4 Na6 30.Bb5
Nb8 31.Re2 Nd7 32.Bxd7 Rxd7 33.Rf3 Re7 34.Kf2 Rfe8 35.Rfe3 Kg6
36.Kg3 Re5 37.b3 Kh5 38.Kf3 Kg6 39.Re1 Rh8 40.Kg3 Rh4 41.Kf3
Rf4+ 42.Kg3 Re7 43.R3e2 Rh7 44.Rf2 Rhh4 45.Rfe2 Kh5 46.Re3 Rhg4+
47.Kh3 Rf2 48.g3 ( 48.Rg1 ) f5 49.exf5 Rxc4 50.g4+
( 50.bxc4 {??} g4# ) Rxg4 51.Re8 Rh4+ 52.Kg3 Rxf5 53.Rh8+ Kg6
54.Re6+ Rf6 55.Rg8+ Kf5 56.Re2 Rg4+ 57.Kh2 {?} ( 57.Kf3 {%00þ }
c4 {%00þ } 58.bxc4 {%00þ } Rxc4 {%00þ } 59.Kg2 {%00þ }
Kg4 {%00þ } 60.Rd8 {%00þ } Rc3 {%00þ } 61.Re4+ {%00þ }
Rf4 {%00þ } 62.Re2 {%00þ } b3 {%00þ } 63.Rxd6 {%00þ }
Rxa4 {%00þ } 64.Ra6 {%00þ } ) Rh6# 0-1

[Event "Match"]
[Site "Vancouver, BC  (CAN)"]
[Date "1971.??.??"]
[Round "?"]
[White "Baker Ken  (CAN)"]
[Black "Harper Bruce  (CAN)"]
[Result "0-1"]
[WhiteElo "1942"]
[BlackElo "2117"]
[Annotator ""]
[Source ""]
[Remark "NWC May 1971"]

1.d4 ( 1.e4 ) d5 2.Nf3 Bf5 3.e3 Nc6 4.c3 Nf6 5.Nbd2 e5 {??} {%08DA}
6.dxe5 Ng4 7.Nd4 Nxd4 8.exd4 c5 9.Bb5+ Ke7 10.Qf3 Ke6 11.dxc5
Nxe5 12.Qe2 Kf6 13.f4 Nc6 14.O-O {??} ( 14.g4 ) Bxc5+ 15.Kh1
Be6 {??} ( 15...Re8 ) 16.Bxc6 bxc6 17.Qe5+ Kg6 18.b3 {??}
( 18.f5+ Kh6 {%00þ } 19.Ne4+ {%00þ } Be3 {%00þ } 20.Bxe3+
{%00þ } Qg5 {%00þ } 21.Bxg5+ {%00þ } Kh5 {%00þ }
22.g4+ {%00þ } Kxg4 {%00þ } 23.Qg3+ {%00þ } Kh5 {%00þ }
24.Qh3# {%00þ } ) Re8 19.Rf3 Bg4 20.f5+ Kh5 21.Qxg7 Bxf3 22.Qxh7+
Kg4 23.h3+ ( 23.Ne4 {%00þ } Be3 {%00þ } 24.Bxe3 {%00þ }
Bxg2+ {%00þ } 25.Kxg2 {%00þ } Qh4 {%00þ } 26.h3+ {%00þ }
Qxh3+ {%00þ } 27.Qxh3# {%00þ } ) Kg3 24.Ne4+ {????}
( 24.Nxf3 {%00þ } Re4 {%00þ } 25.Qxf7 {%00þ } Kf2 {%00þ }
26.Bg5 {%00þ } Qh8 {%00þ } 27.Rc1 {%00þ } ) Rxe4 25.Qg7+
Rg4 26.Qe5+ ( 26.hxg4 {??} Bxg2# ) Kf2 27.hxg4 Qh4+ 28.Qh2 Bxg2# 0-1

[Event "British Columbia Open"]
[Site "Richmond, BC, CAN"]
[Date "1971.03.28"]
[Round "5"]
[White "Hill A  (CAN)"]
[Black "Zuk Bob  (CAN)"]
[Result "0-1"]
[WhiteElo "2107"]
[BlackElo "2404"]
[Annotator ""]
[Source ""]
[Remark "NWC May 1971"]

1.d4 Nf6 2.c4 g6 3.Nc3 Bg7 4.e4 d6 5.Nf3 O-O 6.Be2 e5 7.O-O Nc6
8.d5 Ne7 9.b4 Nd7 10.c5 f5 11.Ng5 Nf6 12.Qb3 h6 13.Ne6 Bxe6 14.dxe6
fxe4 15.cxd6 cxd6 16.Rd1 Kh7 ( 16...d5 17.Ba3 Qb6 18.b5 Rae8
19.Na4 Qxe6 20.Nc5 Qf7 21.Nxb7 Nd7 22.Rf1 Qe6 23.Nd6 Rd8 24.Nxe4
Nb6 25.Nc5 Qf7 26.Rad1 Nf5 27.Bg4 Nc4 28.Bb4 Rfe8 29.Bxf5 gxf5
30.a4 f4 31.Bc3 d4 32.Ba1 e4 33.Nb7 Rb8 34.Nc5 Rbc8 35.Bxd4 Bxd4
36.Rxd4 Rxc5 37.Rfd1 e3 38.Rd7 e2 39.Rxf7 e1Q+ 40.Rxe1 Rxe1#
{0-1, Desmarais Chris (USA) 2151 - Liu Elliot (USA) 2107, Budapest (Hungary) 2001}
) 17.Be3 Nf5 18.Nd5 Nxd5 19.Qxd5 Nxe3 20.fxe3 Qb6 21.Qb3 Rae8
22.Bc4 h5 23.a4 Bh6 24.Re1 Rf6 25.a5 Qc7 26.Bd5 Rc8 27.Rf1 Bg5
28.Rxf6 Bxf6 29.Rf1 Kg7 30.Qa4 Qc3 31.Qd7+ Kh6 32.Qxb7 {?}
( 32.Kh1 {%00þ } Rc7 {%00þ } 33.Qe8 {%00þ } Qd3 {%00þ }
34.Qf8+ {%00þ } Bg7 {%00þ } 35.e7 {%00þ } Rxe7 {%00þ }
36.Bxe4 {%00þ } Bxf8 {%00þ } 37.Bxd3 {%00þ } e4 {%00þ }
38.Bc4 {%00þ } Bg7 {%00þ } 39.g3 {%00þ } Bc3 {%00þ } )
Qxe3+ 33.Kh1 Rc1 34.Qb5 h4 35.h3 Bg5 36.Bc4 Bf4 37.Rxc1 Qg3 38.Kg1
Qh2+ {?} ( 38...Bxc1 {%00þ } 39.Qc5 {%00þ } dxc5 {%00þ }
40.Kh1 {%00þ } Be3 {%00þ } 41.bxc5 {%00þ } Qf2 {%00þ }
42.e7 {%00þ } Qg1# {%00þ } ) 39.Kf2 Bxc1 {?? =}
( 39...e3+ 40.Kf3 Qg3+ ) 40.Bf1 {??} ( 40.Qd5 Qg3+ 41.Ke2 Qxg2+
42.Kd1 {=} ) Qf4+ 41.Kg1 Be3+ 42.Kh1 Qf2 43.Z0 ( 43.Qe8 {%00þ }
Qg1# {%00þ } ) 0-1

[Event "British Columbia Open"]
[Site "Richmond, BC, CAN"]
[Date "1971.03.28"]
[Round "6"]
[White "Satanove Harry  (CAN)"]
[Black "Powell D  (CAN)"]
[Result "1-0"]
[WhiteElo "2148"]
[BlackElo "2153"]
[Annotator ""]
[Source ""]
[Remark "NWC May 1971"]

1.Nf3 c5 2.g3 d5 3.Bg2 Nc6 4.O-O e6 5.d3 Nf6 6.Nbd2 Be7 7.e4
O-O 8.e5 Nd7 9.Re1 Qc7 10.Qe2 b5 11.Nf1 a5 12.h4 Ba6 13.Bf4 Rfc8
14.h5 b4 15.h6 g6 16.N1h2 c4 17.Ng4 ( 17.Ng4 Qb6 18.Be3 d4 19.Bg5
cxd3 20.cxd3 Ra7 {1/2-1/2, Gnichtel Gerd (GER) 2207 - Wieder Heiner (GER) 2152, Pirmasens (Germany) 1992}
) Qd8 18.Qe3 cxd3 19.cxd3 Ra7 20.Bg5 Rac7 21.Bh3 Bxg5 22.Nxg5
Ne7 23.Nf6+ Nxf6 24.Nxf7 Kxf7 25.exf6 Nc6 {??} 26.Bxe6+ Kf8 27.Qc5+
Ne7 28.fxe7+ Qxe7 29.Qxe7+ ( 29.Qd4 ) Rxe7 30.Bxc8 Z0
( 30...Bxc8 {%00þ } 31.Rxe7 {%00þ } Kxe7 {%00þ } 32.Rc1
{%00þ } Bd7 {%00þ } 33.Rc5 {%00þ } a4 {%00þ } 34.Rxd5
{%00þ } Ke6 {%00þ } ) 1-0

[Event ""]
[Site ""]
[Date "1971.??.??"]
[Round "?"]
[White "Murray Michael  (WA)"]
[Black "Vogler Russ  (CAN)"]
[Result "1-0"]
[WhiteElo "2004"]
[BlackElo "2031"]
[Annotator ""]
[Source ""]
[Remark "NWC May 1971"]

1.e4 e6 2.d4 d5 3.Nc3 Bb4 4.exd5 Qxd5 5.Nf3 Nf6 6.Bd3 Bxc3+ 7.bxc3
O-O 8.O-O Nc6 9.c4 {%08DA} Qd7 10.Bb2 Nb4 11.Re1 Nxd3 12.Qxd3
h6 13.Ne5 Qd8 14.Re3 Nd7 15.Qe2 Nxe5 16.dxe5 b6 17.Rd1 Qg5 18.Rd4
Bb7 19.Rg3 Qf5 20.Rdg4 g6 21.Bc1 Rfd8 22.h3 Qh5 23.Rxg6+ Qxg6
24.Rxg6+ fxg6 25.Qg4 Kg7 26.Qf4 Rd1+ 27.Kh2 g5 28.Qf6+ Kh7 29.Qf7+
Kh8 30.Bxg5 ( 30.Qxe6 Rxc1 31.Qxh6+ Kg8 32.Qxg5+ Kh7 33.Qxc1 )
hxg5 31.Qh5+ Kg7 32.Qxd1 Rf8 33.f4 Bc6 34.Qd4 Kg6 35.Kg3 Rg8
36.Qd3+ Kh6 37.Qa3 Z0 ( 37...gxf4+ {%00þ } 38.Kxf4 {%00þ } ) 1-0

[Event ""]
[Site ""]
[Date "1971.??.??"]
[Round "?"]
[White "Biyiasis Peter  (CAN)"]
[Black "Vogler Russ  (CAN)"]
[Result "1-0"]
[WhiteElo "2307"]
[BlackElo "2031"]
[Annotator ""]
[Source ""]
[Remark "NWC May 1971"]

1.e4 e6 2.d4 d5 3.Nc3 Bb4 4.exd5 exd5 5.Qf3 Nc6 6.Bb5 Nge7 7.Nge2
O-O 8.Bd2 Re8 {%08DA} 9.O-O-O Be6 10.Kb1 Nf5 11.Bf4 a6 12.Ba4
Bxc3 13.Qxc3 b5 14.Qxc6 bxa4 15.Qxc7 Qh4 16.Bg3 Qe4 17.Nc3 Qxg2
18.Rhg1 Qh3 19.Nxa4 Rac8 20.Qf4 Bd7 21.Nc5 Bb5 22.Rde1 Nxg3 23.Qxg3
Qh6 24.a4 Be2 25.Qg5 Qxg5 26.Rxg5 f6 27.Rg3 Rc6 28.f3 Kf7 29.Kc1
g6 30.Kd2 f5 31.Rxe2 Z0 ( 31...Rxe2+ {%00þ } 32.Kxe2 {%00þ }
Rd6 {%00þ } 33.b3 {%00þ } Kf6 {%00þ } 34.f4 {%00þ } ) 1-0

[Event "British Columbia Open"]
[Site "Richmond, BC, CAN"]
[Date "1971.03.28"]
[Round "4"]
[White "Zuk Bob  (CAN)"]
[Black "Macskasy E  (CAN)"]
[Result "0-1"]
[WhiteElo "2404"]
[BlackElo "2257"]
[Annotator ""]
[Source ""]
[Remark "NWC May 1971"]

1.e4 c6 2.d4 d5 3.exd5 cxd5 4.c4 Nf6 5.Nc3 e6 6.Bg5 Be7 7.c5
O-O 8.Nf3 Ne4 9.Bxe7 Qxe7 10.Rc1 f5 11.Bb5 {%08DA} b6 12.b4 a5
13.a3 axb4 14.axb4 bxc5 15.bxc5 Qb7 16.Bd3 Qb4 17.Bxe4 fxe4 18.Ne5
Ra1 19.Rxa1 Qxc3+ 20.Kf1 Qb2 21.Ng4 e3 22.Qe1 exf2 23.Nxf2 Rxf2+
24.Qxf2 Qxa1+ 25.Z0 ( 25.Qe1 {%00þ } Qxd4 {%00þ } 26.g3
{%00þ } e5 {%00þ } 27.h3 {%00þ } Ba6+ {%00þ } 28.Kg2
{%00þ } Bd3 {%00þ } 29.Kh2 {%00þ } Qxc5 {%00þ } 30.Qd2
{%00þ } Qc2 {%00þ } ) 0-1

[Event "Okinawa Spring Chess Congress"]
[Site "Okinawa"]
[Date "1971.??.??"]
[Round "6"]
[White "Karch Robert  (WA)"]
[Black "Swaim Samuel J, Jr.  (NJ)"]
[Result "1-0"]
[WhiteElo "1747"]
[BlackElo "1822"]
[Annotator ""]
[Source ""]
[Remark "NWC May 1971"]

1.d4 Nf6 2.c4 c5 3.d5 d6 4.Nc3 g6 5.e4 Bg7 6.Be2 O-O 7.f4 e6
8.Nf3 exd5 9.exd5 Re8 10.O-O Na6 11.a3 Nc7 12.Ra2 {%08DA} a6
13.Bd3 Rb8 14.f5 b5 15.fxg6 hxg6 16.b3 Ng4 17.Ne4 bxc4 18.bxc4
Bf5 19.Ng3 Bxd3 20.Qxd3 Qd7 21.Ng5 Bd4+ 22.Kh1 Ne5 23.Qc2 Kg7
24.Nh5+ gxh5 25.Qh7+ Kf8 26.Qh8+ Ke7 27.Qf6+ Kf8 28.Ne6+ Rxe6
29.Bh6+ Ke8 30.Qh8+ Ke7 31.Bg5+ f6 32.Bxf6+ Kf7 33.Qg7+ Ke8 34.Qg8# 1-0

[Event "Match"]
[Site "Burnaby, BC, CAN"]
[Date "1971.??.??"]
[Round "1"]
[White "Harper Bruce  (CAN)"]
[Black "Pomfret R"]
[Result "0-1"]
[WhiteElo "2117"]
[BlackElo "2054"]
[Annotator ""]
[Source ""]
[Remark "NWC May 1971"]

1.e4 c5 2.Nf3 Nc6 3.d4 cxd4 4.Nxd4 Nf6 5.Nc3 e6 6.Nxc6 bxc6 7.e5
Nd5 8.Ne4 f5 9.Ng5 Be7 10.h4 ( 10.Qh5+ g6 11.Qh6 Bf8 12.Qh3 Bg7
13.f4 h6 14.Nf3 Qa5+ 15.Bd2 Qa4 16.Qg3 Qe4+ 17.Kf2 Ne7 18.Bd3
Qa4 19.a3 c5 20.b3 Qc6 21.Rad1 O-O 22.Be3 Bb7 23.a4 a6 24.Bc4
Qc7 25.Rd6 Bd5 26.Rd1 Qc8 27.Be2 Rd8 28.c4 Be4 29.Nd2 Rb8 30.Bd3
Bb7 31.Bc2 Qc7 32.b4 Nc8 33.Bxc5 Nxd6 34.Bxd6 Qb6+ 35.Bc5 Qc6
36.Qxg6 Re8 37.a5 Kh8 38.Nf3 Qc8 39.Nh4 Rg8 40.Bxf5 exf5 41.Qxf5
Bf8 42.Qf6+ Kh7 43.Qf5+ Kh8 44.Bd4 Qxc4 45.e6+ Rg7 46.Bxg7+ Bxg7
47.Ng6+ Kg8 48.Ne7+ Kh8 49.Ng6+ Kg8 50.Ne7+ Kh8 51.exd7 Qa2+
52.Ke3 Rd8 53.Ng6+ Kg8 54.Ne7+ {1/2-1/2, Yu Ruiyuan (CHN) 2170 - Li Yuanlu (CHN) 2245, Suzhou/Jiangsu (China) 2001}
) Qc7 11.f4 d6 12.Nf3 dxe5 13.Nxe5 Bf6 14.Nd3 Ba6 15.Qf3 O-O
16.c3 Bxd3 17.Qxd3 Nxf4 18.Qf3 Nd5 19.Be2 e5 20.g3 e4 21.Qf1
Qxg3+ ( 21...Bxc3+ 22.Kf2 f4 ) 22.Z0 ( 22.Qf2 {%00þ } Bxc3+
{%00þ } 23.Kf1 {%00þ } Qxf2+ {%00þ } 24.Kxf2 {%00þ }
Bd4+ {%00þ } 25.Ke1 {%00þ } Rab8 {%00þ } 26.Rb1 {%00þ } ) 0-1